Online
Catalog

Flor de leyendas : (Record no. 4510)

MARC details
000 -CABECERA
campo de control de longitud fija 00657cam a2200193 a 4500
001 - NÚMERO DE CONTROL
campo de control 000004704
005 - FECHA Y HORA DE LA ÚLTIMA TRANSACCIÓN
campo de control 20200929151504.0
008 - DATOS DE LONGITUD FIJA--INFORMACIÓN GENERAL
campo de control de longitud fija 021209s1938 sp a b 000 f spa
040 ## - FUENTE DE LA CATALOGACIÓN
Centro catalogador/agencia de origen DO-SdBNP
Lengua de catalogación spa
Centro/agencia transcriptor BNPHU
082 ## - NÚMERO DE LA CLASIFICACIÓN DECIMAL DEWEY
Número de clasificación 828.99343
Número de documento/Ítem R696f, 1938
100 1# - ENTRADA PRINCIPAL--NOMBRE DE PERSONA
Nombre de persona Casona, Alejandro,
Forma completa/desarrollada del nombre (Alejandro Rodríguez Álvarez)
Fechas asociadas al nombre 1903-1965.
9 (RLIN) 13704
245 10 - MENCIÓN DE TÍTULO
Título Flor de leyendas :
Resto del título lecturas literarias para niños /
Mención de responsabilidad, etc. Alejandro Casona.
250 ## - MENCIÓN DE EDICIÓN
Mención de edición 4a ed.
260 ## - PUBLICACIÓN, DISTRIBUCIÓN, ETC.
Lugar de publicación, distribución, etc. Madrid :
Nombre del editor, distribuidor, etc. Espasa-Calpe,
Fecha de publicación, distribución, etc. 1938.
300 ## - DESCRIPCIÓN FÍSICA
Extensión 194 p. :
Otras características físicas il. ;
Dimensiones 20 cm.
586 ## - NOTA DE PREMIOS
Nota de premios Premio Nacional de Literatura, 1932.
650 #4 - PUNTO DE ACCESO ADICIONAL DE MATERIA--TÉRMINO DE MATERIA
Término de materia o nombre geográfico como elemento de entrada Novela austríaca
9 (RLIN) 13705
650 #4 - PUNTO DE ACCESO ADICIONAL DE MATERIA--TÉRMINO DE MATERIA
Término de materia o nombre geográfico como elemento de entrada Literatura austríaca
9 (RLIN) 4014
Holdings
Estado de retiro Estado de pérdida Restricciones de uso No para préstamo Código de colección Localización permanente Ubicación/localización actual Ubicación en estantería Fecha de adquisición Número de inventario Total de préstamos Signatura topográfica completa Código de barras Fecha visto por última vez Precio válido a partir de Tipo de ítem Koha
    Préstamo interno   Monografías: Libros y Folletos General General En catalogación 24.07.2009 LF1   828.99343 R696f, 1938 4704-10 25.06.2020 25.06.2020 Préstamo interno

Powered by Koha